| 000 | 00607nam a2200217 a 4500 | ||
|---|---|---|---|
| 005 | 20240911064554.0 | ||
| 008 | 991125s1977 chi 000 0 eng u | ||
| 020 | _a0226450709 | ||
| 035 | _aUPN01000008442 | ||
| 049 | _aCG | ||
| 050 | 4 |
_aHT609 _bK6.2 1977 |
|
| 100 | 1 | _aKohn, Melvin L. | |
| 245 | 1 | 0 |
_aClass and conformity : _ba study in values / _cMelvin L. Kohn. |
| 250 | _a2nd ed. | ||
| 260 |
_aChicago (E.U.A.) : _bUniversity of Chicago, _c1977. |
||
| 300 | _aix, 316 p. | ||
| 500 | _aIncluye apéndice | ||
| 650 | 7 |
_aClases sociales _2 _96922 |
|
| 650 | 4 |
_aValores sociales _94177 |
|
| 905 | _aLibro | ||
| 999 |
_c8442 _d8442 |
||